| 000 | 005120000a22001930004500 | ||
|---|---|---|---|
| 001 | 002077 | ||
| 003 | MACL | ||
| 005 | 20151001153546.0 | ||
| 008 | 151001b xxu||||| |||| 00| 0 eng d | ||
| 040 |
_aMACL _cMACL |
||
| 041 | _aEnglish | ||
| 082 | _a900/CHA | ||
| 100 |
_aChakrabarti, Ranjan _92844 |
||
| 245 |
_aSpace And Power In History _bImages Ideologies Myths And Moralities _cRanjan Chakrabarti |
||
| 260 |
_aPenman, _c2001 _bKolkata |
||
| 350 | _a150 | ||
| 650 |
_aHistory _913082 |
||
| 942 |
_k900 _cBK _2ddc |
||
| 999 |
_c13993 _d13993 |
||